| 000 | 00565nam a22002053a 4500 | ||
|---|---|---|---|
| 005 | 20240925064618.0 | ||
| 008 | 010914s1998 mx r 000 0 spa d | ||
| 020 | _a9701802446 | ||
| 035 | _aUPN01000111507 | ||
| 049 | _aCG | ||
| 050 | 4 |
_aBF175 _bA4.6 |
|
| 100 | 1 |
_aAmara, Giuseppe _939210 |
|
| 245 | 1 | 3 |
_aEl psicoanálisis / _cGiuseppe Amara. |
| 260 |
_aMéxico : _bCNCA, Dirección General de Publicaciones, _c1998. |
||
| 300 |
_a63 p. : _bil. |
||
| 440 | 0 | _aTercer milenio | |
| 650 | 4 |
_aPsicoanálisis _91572 |
|
| 650 | 4 |
_aPersonalidad _97690 |
|
| 905 | _aLibro | ||
| 999 |
_c85415 _d85415 |
||